000 00247nam a22001217a 4500
082 _a823
_bENC/C
100 _aBRITANICA
245 _aCOLOURS
246 _aCOLOURS
_bCOLOURS
260 _aU K
_bENCYCLOPEDIA BRITANICA
300 _a2012
942 _cBK
999 _c8485
_d8485